|
|
|
|
| LEADER |
01087nam a2200325Ia 4500 |
| 001 |
EBC361882 |
| 003 |
MiAaPQ |
| 005 |
20200520144314.0 |
| 006 |
m o d | |
| 007 |
cr cn||||||||| |
| 008 |
070602s2007 cou s 000 0 eng d |
| 010 |
|
|
|z 2007922103
|
| 020 |
|
|
|z 1432703870
|
| 020 |
|
|
|z 9781432703875
|
| 035 |
|
|
|a (MiAaPQ)EBC361882
|
| 035 |
|
|
|a (Au-PeEL)EBL361882
|
| 035 |
|
|
|a (CaPaEBR)ebr10255080
|
| 035 |
|
|
|a (OCoLC)815691460
|
| 040 |
|
|
|a MiAaPQ
|c MiAaPQ
|d MiAaPQ
|
| 050 |
|
4 |
|a HF5386
|b .A88 2007
|
| 100 |
1 |
|
|a Astorga, Jose.
|
| 245 |
1 |
2 |
|a A bull in a glass house
|h [electronic resource] /
|c Jose Astorga.
|
| 260 |
|
|
|a Denver, CO :
|b Outskirts Press,
|c c2007.
|
| 300 |
|
|
|a 148 p.
|
| 533 |
|
|
|a Electronic reproduction. Ann Arbor, MI : ProQuest, 2015. Available via World Wide Web. Access may be limited to ProQuest affiliated libraries.
|
| 650 |
|
0 |
|a Success in business.
|
| 650 |
|
0 |
|a Success.
|
| 655 |
|
4 |
|a Electronic books.
|
| 710 |
2 |
|
|a ProQuest (Firm)
|
| 856 |
4 |
0 |
|u https://ebookcentral.proquest.com/lib/matrademy/detail.action?docID=361882
|z Click to View
|